Je päť minút po dvanástej, vážení...

Situácia na Slovensku s nedostatkom kvalifikovaných pracovníkov. Vytváranie nových pracovných miest najmä v automobilovom priemysle. Kvalifikovaná pracovná sila a rozhodujúce podmienky udržateľného rozvoja priemyslu v SR.

Na minha lista:
Detalhes bibliográficos
Autor principal: Marianyi, Peter
Formato: Capítulo de Livro
Idioma:eslovaco
Assuntos:
Tags: Adicionar Tag
Sem tags, seja o primeiro a adicionar uma tag!

MARC

LEADER 00000naa a2200000 4500
001 0230089
005 20170515143057.3
041 0 |a slo 
044 |a SK 
245 1 0 |a Je päť minút po dvanástej, vážení...  |c Peter Marianyi 
520 |a Situácia na Slovensku s nedostatkom kvalifikovaných pracovníkov. Vytváranie nových pracovných miest najmä v automobilovom priemysle. Kvalifikovaná pracovná sila a rozhodujúce podmienky udržateľného rozvoja priemyslu v SR. 
610 2 0 |a Slovensko 
610 2 0 |a priemysel 
610 2 0 |a pracovníci kvalifikovaní 
610 2 0 |a reprodukcia sily pracovnej 
610 2 0 |a školy odborné 
610 2 0 |a miesta pracovné 
610 2 0 |a rekvalifikácia 
100 1 |a Marianyi, Peter